000
00254nam a22001217a 4500
003
SGT
082
_a
616.07
_b
S18B
100
_a
BHARDWAJ, PRIYANKA
245
_a
STUDY OF HAEMATOLOGICAL
260
_a
SGTU
_c
2018
650
_a
PATHOLOGY
942
_2
ddc
_c
TH
999
_c
20529
_d
20529